Separát štatistickej ročenky školstva SR 2021 materské školy

Guardado en:
Detalles Bibliográficos
Formato: Libro
Lenguaje:eslovaco
Publicado: Bratislava Centrum vedecko-technických informácií SR 2021
Materias:
Etiquetas: Agregar Etiqueta
Sin Etiquetas, Sea el primero en etiquetar este registro!

MARC

LEADER 00000nam a2200000 4500
001 0283614
005 20251218100007.3
041 0 |a slo 
044 |a SK 
245 1 0 |a Separát štatistickej ročenky školstva SR 2021  |b materské školy 
264 1 |a Bratislava  |b Centrum vedecko-technických informácií SR  |c 2021 
300 |a 177 s. 
610 2 0 |a Slovensko 
610 2 0 |a školstvo 
610 2 0 |a školy materské 
610 2 0 |a školy základné